00232nam a2200109Ia 4500008004100000041001200041082001100053100001300064245003300077260000600110650000600116221030s9999 xx 000 0 und d aEnglish a105.23 aN. K. De 0aElectric Drivescby N. K. De c0 aB